| 000 | 01146nam a2200289 i 4500 | ||
|---|---|---|---|
| 001 | 16788 | ||
| 003 | DO-SdUEMH | ||
| 005 | 20260210211601.0 | ||
| 007 | ta | ||
| 008 | 211105s2000||||waua|||gr|||| 0|| | spa d | ||
| 020 | _a9275372985 | ||
| 040 |
_aDO-SdUEMH _bspa _erda |
||
| 041 | _aspa | ||
| 082 | 1 | 4 |
_a362.1 O686PR _mRD |
| 084 | _b09-00586 | ||
| 110 | _aOrganización Panamericana de la Salud OPS | ||
| 245 | 0 |
_aEl Progreso en la Salud de la Población: _binforme anual del Director - 2000 |
|
| 260 | _c2000 | ||
| 264 | 1 |
_aWashington, Estados Unidos : _c2000 |
|
| 300 |
_axxi, 145 páginas : _bilustraciones ; _c27 cm. |
||
| 336 |
_2rdacontent _atexto _btxt |
||
| 337 |
_2rdamedia _asin mediación _bn |
||
| 338 |
_2rdacarrier _avolumen _bnc |
||
| 505 | 2 | _aMensaje del Director — Análisis de la situación de salud — La salud en el desarrollo humano — Promoción y protección de la salud — Protección y desarrollo ambiental — Desarrollo de los sistemas y servicios de salud — Prevención y control de enfermedades — Apoyo a la prestación de cooperación técnica: la Secretaría. | |
| 942 |
_2ddc _cBK _n0 |
||
| 999 |
_c16788 _d16788 |
||